000 00818nmc a2200313 a 4500
003 AR-BaBNM
005 20251128203633.0
008 116119s1955 ||||||||||||||000 | spa||
040 _cAR-BaBNM
100 1 _aCalderón de la Barca, Pedro
245 1 0 _aLa vida es sueño
250 _a3ª ed.
260 _aBuenos Aires
_bKapelusz
_c1955
300 1 _axiii, 111 p.
_bil.
490 0 _aBiblioteca de Grandes Obras de la Literatura Universal
521 _aSECUNDARIO
650 4 _aPESIMISMO
650 4 _aRECURSOS LITERARIOS
650 4 _aCULTERANISMO
653 _aTEATRO LIRICO
653 _aBARROCO
653 _aRELIGIOSIDAD
653 _aTRAGICOMEDIA
653 _aCOSTUMBRISMO
655 _aLITERATURA
700 1 _aEstrella Gutiérrez, Fermín
_ecompilador
942 _cBK
998 _cisola
999 _c4269
_d4269